| 000 | 00400nam a2200169Ia 4500 | ||
|---|---|---|---|
| 008 | 230524s9999 xx 000 0 und d | ||
| 020 | _a9788173718854 | ||
| 082 | _bKUM | ||
| 100 |
_aR Srinivasa Kumar _942837 |
||
| 245 | 0 | _aPavement Design | |
| 250 | _a1 | ||
| 260 |
_aNew Delhi _bNew Age Pub _c2015 |
||
| 300 | _a"VIII,343p;" | ||
| 500 | _aQuantity Number: 1 | ||
| 650 | _aCivil | ||
| 942 | _cBK | ||
| 999 |
_c57810 _d57810 |
||